000 00339nam a22001337a 4500
005 20230816115319.0
008 230816b |||||||| |||| 00| 0 eng d
040 _aLoreto college
041 _aEnglish
082 _a954.035
_bSAR
245 _aEssays of a lifetime
_breformers, nationalists and subalterns
850 _aLCLIB
942 _cBK
999 _c43468
_d93947